|
|
|
|
| LEADER |
02516nam a22004695i 4500 |
| 001 |
978-3-642-00810-8 |
| 003 |
DE-He213 |
| 005 |
20151204160748.0 |
| 007 |
cr nn 008mamaa |
| 008 |
100301s2009 gw | s |||| 0|eng d |
| 020 |
|
|
|a 9783642008108
|9 978-3-642-00810-8
|
| 024 |
7 |
|
|a 10.1007/978-3-642-00810-8
|2 doi
|
| 040 |
|
|
|d GrThAP
|
| 050 |
|
4 |
|a GB1001-1199.8
|
| 072 |
|
7 |
|a RBK
|2 bicssc
|
| 072 |
|
7 |
|a SCI081000
|2 bisacsh
|
| 082 |
0 |
4 |
|a 551.4
|2 23
|
| 100 |
1 |
|
|a Wang, Chi-yuen.
|e author.
|
| 245 |
1 |
0 |
|a Earthquakes and Water
|h [electronic resource] /
|c by Chi-yuen Wang, Michael Manga.
|
| 264 |
|
1 |
|a Berlin, Heidelberg :
|b Springer Berlin Heidelberg,
|c 2009.
|
| 300 |
|
|
|a IX, 218 p. 100 illus.
|b online resource.
|
| 336 |
|
|
|a text
|b txt
|2 rdacontent
|
| 337 |
|
|
|a computer
|b c
|2 rdamedia
|
| 338 |
|
|
|a online resource
|b cr
|2 rdacarrier
|
| 347 |
|
|
|a text file
|b PDF
|2 rda
|
| 490 |
1 |
|
|a Lecture Notes in Earth Sciences,
|x 0930-0317 ;
|v 114
|
| 505 |
0 |
|
|a Liquefaction -- Mud Volcanoes -- Increased Stream Discharge -- Groundwater Level Change -- Temperature and Composition Changes -- Geysers -- Earthquakes Influenced by Water -- Hydrologic Precursors -- Epilogue.
|
| 520 |
|
|
|a The broad spectrum of hydrologic responses to earthquakes offers a better understanding of the earth's hydrologic system at a scale which is otherwise unachievable; it has also allowed field testing of several long-standing hypotheses which may impact on our understanding of some earthquake-induced hazards. The book is based on a graduate course on Earthquake Hydrology at Berkeley jointly offered by the authors in the past few years. It begins with an introduction of the basic materials to form a basis for understanding the chapters which follow. The book provides a comprehensive overview of the field to interested readers and beginning researchers, and a convenient reference to numerous publications currently scattered in various journals.
|
| 650 |
|
0 |
|a Earth sciences.
|
| 650 |
|
0 |
|a Hydrology.
|
| 650 |
|
0 |
|a Hydrogeology.
|
| 650 |
1 |
4 |
|a Earth Sciences.
|
| 650 |
2 |
4 |
|a Hydrogeology.
|
| 650 |
2 |
4 |
|a Hydrology/Water Resources.
|
| 700 |
1 |
|
|a Manga, Michael.
|e author.
|
| 710 |
2 |
|
|a SpringerLink (Online service)
|
| 773 |
0 |
|
|t Springer eBooks
|
| 776 |
0 |
8 |
|i Printed edition:
|z 9783642008092
|
| 830 |
|
0 |
|a Lecture Notes in Earth Sciences,
|x 0930-0317 ;
|v 114
|
| 856 |
4 |
0 |
|u http://dx.doi.org/10.1007/978-3-642-00810-8
|z Full Text via HEAL-Link
|
| 912 |
|
|
|a ZDB-2-EES
|
| 950 |
|
|
|a Earth and Environmental Science (Springer-11646)
|